| 000 | 00406nam a2200157Ia 4500 | ||
|---|---|---|---|
| 008 | 210716s2015 xx 000 0 und d | ||
| 020 | _a9789332518988 | ||
| 041 | _aeng | ||
| 082 | _a150 BUTJ | ||
| 100 | _aButcher, James N; Mineka, Susan M; Hooley, Jill M. | ||
| 245 | _aAbnormal psychology. | ||
| 250 | _a15 | ||
| 260 |
_aNew Delhi _bPearson Education _c2015 |
||
| 300 | _a732 | ||
| 650 | _aPsychology | ||
| 999 |
_c194562 _d194562 |
||